Eşyaya bağlı borç (Record no. 5465)

MARC details
000 -BAŞLIK
Sabit Uzunlukta Kontrol Alanı 00722na a2200229 4500
001 - KONTROL NUMARASI
Denetim Alanı 18454
003 - KONTROL NUMARASI IDENTIFIER
Denetim Alanı MIRAKIL
005 - SON İŞLEM TARİHİ VE ZAMANI
Denetim Alanı 20181213155037.0
008 - SABİT-BOY VERİ ELEMANLARI - GENEL BİLGİLER
Sabit Uzunlukta Kontrol Alanı 161118b tu 000 0
040 ## - KATALOGLAMA KAYNAK
Orijinal Kataloglama Ajansı Milas
Kataloglama Dili tur
Metne Dönüştürmek Ajansı TR-AnCHP
041 ## - DİL KODU
Metin / Ses Parça Veya Ayrı Başlığın Dil Kodu tur
082 ## - DEWEY ONLU SINIFLANDIRMA NUMARASI
Sınıflandırma Numarası 346.077
Ürün Numarası E63e 1982
090 ## - SINIFLAMA NUMARASI
Sınıflama Numarası 346.077 E63e 1982
100 ## - ANA GİRİŞ - KİŞİSEL İSİM
Kişisel Ad Erel, Şafak N.
245 ## - BAŞLIK TABLOSU
Başlık Eşyaya bağlı borç
Sorumluluk Tablosu, Vb Şafak N. Erel
260 ## - YAYIN, DAĞITIM, VB
Yayın, Dağıtım, Vb Yeri Ankara
Yayıncı, Dağıtıcı, Vs Adı Ankara Üniversitesi Siyasal Bilgiler Fakültesi Yayınları
Yayın, Dağıtım, Vb Tarihi 1982
300 ## - FİZİKSEL TANIM
Kapsam 258 s.
Boyutlar 24 sm.
440 ## - SERİSİ TABLOSU / KATMA GİRİŞİ - BAŞLIK
Başlık Ankara Üniversitesi Siyasal Bilgiler Fakültesi Yayınları
Hacim / Ardışık Tanımı 490
490 ## - SERİSİ TABLOSU
Seri Beyanı 100. Doğum Yılında Atatürk'e Armağan Dizisi
Hacim / Ardışık Tanımı 33
650 ## - KONU KATMA GİRİŞ - TOPİKAL DÖNEM
Topikal Süreli Veya Coğrafi Ad Giriş Elemanı Borçlar hukuku
Genel Alt Bölümü Eşya
942 ## - EKLENDİ GİRİŞ ELEMANLARI (KOHA)
Sınıflandırma Veya Raf Düzeni Kaynak
Koha Öğesi Türü Books
999 ## - SİSTEM KONTROL NUMARALARI (KOHA)
Koha Biblionumber 5465
Koha Biblioitemnumber 5465
Holdings
Kalıcı Konum Mevcut Konum Edinme Tarihi Edinim Kaynak Toplam Check-Out'Lar Tam Çağrı Numarası Barkod Tarih Son Görülme İtibaren Geçerli Fiyatlar Koha Öğesi Türü
CHP Kütüphanesi CHP Kütüphanesi 11/18/2016 Bağış   346.077 E63e 1982 008773 11/18/2016 11/18/2016 Books